header

Does what you export matter? (Record no. 87954)

MARC details
000 -LEADER
fixed length control field 01285nam a2200313 a 4500
100 1# - MAIN ENTRY--AUTHOR NAME
Personal name Lederman, Daniel,
245 10 - TITLE STATEMENT
Title Does what you export matter?
260 ## - PUBLICATION, DISTRIBUTION, ETC. (IMPRINT)
Place of publication Washington, D.C. :
Name of publisher World Bank,
Year of publication 2012.
300 ## - PHYSICAL DESCRIPTION
Number of Pages xi, 130 p. :
Other physical details ill.
505 0# - FORMATTED CONTENTS NOTE
Formatted contents note pt. 1. What makes a good good? -- pt. 2. Beyond goods.
650 #0 - SUBJECT ADDED ENTRY--TOPICAL TERM
Topical Term Exports.
Topical Term Success in business.
700 1# - ADDED ENTRY--PERSONAL NAME
Personal name Maloney, William F.
856 40 - ELECTRONIC LOCATION AND ACCESS
Uniform Resource Identifier http://site.ebrary.com/lib/rucke/Doc?id=10576341

No items available.

© 2026 Rongo University
Contact us: librarian | system librarian | Rongo university